书目信息 |
| 题名: |
赖世雄美语音标
|
|
| 作者: | 赖世雄 著 | |
| 分册: | ||
| 出版信息: | 上海 上海文化出版社 2019.07 |
|
| 页数: | 126页 | |
| 开本: | 21cm | |
| 丛书名: | ||
| 单 册: | ||
| 中图分类: | H311 | |
| 科图分类: | ||
| 主题词: | 英语--ying yu--音标--美国--自学参考资料 | |
| 电子资源: | ||
| ISBN: | 978-7-5535-1624-0 | |
| 000 | 00965nam0 2200253 450 | |
| 001 | 202020138549 | |
| 005 | 20200926181339.0 | |
| 010 | @a978-7-5535-1624-0@dCNY25.00 | |
| 100 | @a20200915d2019 em y0chiy50 ea | |
| 101 | 0 | @achi@aeng |
| 102 | @aCN@b310000 | |
| 105 | @aak z 000yy | |
| 106 | @ar | |
| 200 | 1 | @a赖世雄美语音标@Alai shi xiong mei yu yin biao@d= Introductory phonetics@e2019@f赖世雄著@zeng |
| 210 | @a上海@c上海文化出版社@d2019.07 | |
| 215 | @a126页@c图@d21cm | |
| 300 | @a美语从头学 爱上英语的第一站 | |
| 330 | @a本书详细介绍了字母、元音、辅音和连音的读法, 辅以发音嘴型图形和发音诀窍, 并有相似发音之比较, 有助于读者打好标准美语发音的基础。全书使用美式音标, 对于音标的发音尽量采用汉字或汉语拼音做模拟, 巧妙点拨。 | |
| 510 | 1 | @aIntroductory phonetics@zeng |
| 606 | 0 | @a英语@Aying yu@x音标@y美国@j自学参考资料 |
| 690 | @aH311@v5 | |
| 701 | 0 | @a赖世雄@Alai shi xiong@4著 |
| 801 | 0 | @aCN@c20190821 |
| 905 | @a河南城建学院图书馆@dH311@eL032 | |
| 赖世雄美语音标= Introductory phonetics:2019/赖世雄著.-上海:上海文化出版社,2019.07 |
| 126页:图;21cm |
| 美语从头学 爱上英语的第一站 |
| ISBN 978-7-5535-1624-0:CNY25.00 |
| 本书详细介绍了字母、元音、辅音和连音的读法, 辅以发音嘴型图形和发音诀窍, 并有相似发音之比较, 有助于读者打好标准美语发音的基础。全书使用美式音标, 对于音标的发音尽量采用汉字或汉语拼音做模拟, 巧妙点拨。 |
| ● |
| 相关链接 |
|
|
|
正题名:赖世雄美语音标
索取号:H311/L032
 
预约/预借
| 序号 | 登录号 | 条形码 | 馆藏地/架位号 | 状态 | 备注 |
| 1 | 1487632 | 214876320 | 语言库209/209语言库 101排6列1层/ [索取号:H311/L032] | 在馆 | |
| 2 | 1487633 | 214876339 | 语言库209/209语言库 101排6列1层/ [索取号:H311/L032] | 在馆 | |
| 3 | 1487634 | 214876348 | 语言库209/209语言库 101排6列1层/ [索取号:H311/L032] | 在馆 |